LEADER 02529nam a2200409 u 4500 001 000000005364 003 CaOOAMICUS 005 20070226104744.0 008 941010m19671970it u000 u ita u 035 $a10140806 040 $aPUL(R)$bita 245 02$aL'ateismo contemporaneo /$ca cura della Facoltà filosofica della Pontificia Università Salesiana di Roma. 260 $aTorino :$bS.E.I.,$c[1967-70] 300 $a4 v. ;$c24 cm 500 $aContiene indice. 504 $aContiene bibliografia. 505 0 $av. 1. L'ateismo nella vita e nella cultura contemporanea -- v. 2. L'ateismo nella filosofia contemporanea: Correnti e pensatori -- v. 3. L'ateismo nella filosofia contemporanea: I grandi problemi -- v. 4. Il Cristianesimo di fronte all'ateismo. 650 4$aAteismo.$0(OLS)http://pul/subject/406 650 4$aCristianesimo e ateismo.$0(OLS)http://pul/subject/407 710 2 $aPontificio Ateneo salesiano.$bFacoltà di filosofia.$0(OLS)http://pul/name/5589 850 $aPUL 852 $aPUL$W1$xSL Religione 1$y3$m58 L 12-15$j7510$n $b $qStampati$B7510$CPULBib$Z2$F7510 $H $81 852 $aPUL$W1$xSL Religione 1$y3$m58 L 12-15$j7510$n $b $qStampati$B7511$CPULBib$Z2$F7511 $H $81 852 $aPUL$W1$xSL Religione 1$y3$m58 L 12-15$j7510$n $b $qStampati$B7512$CPULBib$Z2$F7512 $H $81 852 $aPUL$W1$xSL Religione 1$y3$m58 L 12-15$j7510$n $b $qStampati$B7513$CPULBib$Z2$F7513 $H $81 852 $aPUL$W1$xDP1 Fondo Pastorale$y55$mP12 C (1-2)$j7514$nBK-PRI$b $qFondi$B7514$CPULBib$Z2$F7514 $H $81 852 $aPUL$W1$xDP1 Fondo Pastorale$y55$mP12 C (1-2)$j7514$nBK-PRI$b $qFondi$B7515$CPULBib$Z2$F7515 $H $81 852 $aPUL$W1$xDP1 Fondo Pastorale$y55$mP12 C (1-2)$j7514$nBK-PRI$b $qFondi$B7516$CPULBib$Z2$F7516 $H $81 852 $aPUL$W1$xDP1 Fondo Pastorale$y55$mP12 C (1-2)$j7514$nBK-PRI$b $qFondi$B7517$CPULBib$Z2$F7517 $H $81 941 1 $a8 941 1 $a1 961 $aINV: 28084-29799-33072-33073 961 $aINV: 28084-29799-33072-33073 961 $aINV: 28084-29799-33072-33073 961 $aINV: 28084-29799-33072-33073 996 $6245$aL'ateismo contemporaneo$9(OLS)http://pul/title/7846 996 $6260$aTorino :$bS.E.I.$9(OLS)http://pul/publisher/50772 LEADER 01666nam a2200325 u 4500 001 000000015151 003 CaOOAMICUS 005 20070226105840.0 008 940517s1993 nl u000 u eng u 035 $a10355607 040 $aPUL$bita 100 1 $aRunia, David T.$0(OLS)http://pul/name/13959 245 10$aPhilo in early Christian literature :$ba survey /$cDavid T. Runia. 260 $aAssen :$bVan Gorcum ;$aMinneapolis :$bFortress Press,$c1993. 300 $axv, 418 p., 1 c. di tav. :$bill. ;$c25 cm 490 1 $aCompendia rerum Iudaicarum ad Novum Testamentum.$a3, Jewish traditions in early Christian literature ;$vv. 3 500 $aComprende indici. 504 $aBibliografia: p. 357-392. 600 04$aPhilo Alexandrinus,$d20 a.C.-c. 45 d.C.$0(OLS)http://pul/subject/7771 650 4$aLetteratura cristiana antica$xStoria e critica.$0(OLS)http://pul/subject/5976 650 4$aCristianesimo e altre religioni$xGiudaismo.$0(OLS)http://pul/subject/2372 830 0$aCompendia rerum Iudaicarum ad Novum Testamentum.$n3,$pJewish traditions in early Christian literature ;$vv. 3.$0(OLS)http://pul/title/14668 850 $aPUL 852 $aPUL$W1$xCollocazioni Temporanee$y24$m1(6) S$j21228$nBK-PRI$b $qStampati$B21228$CPULBib$Z2$F21228 $H $81 941 1 $a8 960 $aGiudaismo$xRelazioni$xCristianesimo$92372 961 $aINV: 75746 -- Fondo corrente 996 $6245$aPhilo in early Christian literature :$ba survey$9(OLS)http://pul/title/21735 996 $6260$aAssen :$bVan Gorcum$9(OLS)http://pul/publisher/48074 996 $6260$aMinneapolis :$bFortress Press$9(OLS)http://pul/publisher/52703